|
|
|
|
| LEADER |
00000nam2a2200000 4500 |
| 001 |
129091 |
| 005 |
20231031133157.0 |
| 010 |
|
|
|a 9785060045888
|
| 035 |
|
|
|a (RuTPU)RU\TPU\book\139686
|
| 090 |
|
|
|a 129091
|
| 100 |
|
|
|a 20080118d2007 m y0rusy50 ca
|
| 101 |
0 |
|
|a rus
|
| 102 |
|
|
|a RU
|
| 105 |
|
|
|a a j 001zy
|
| 200 |
0 |
|
|a Кн. 1: Жизнь. Гены. Клетка. Онтогенез. Человек
|
| 210 |
|
|
|d 2007
|
| 215 |
|
|
|a 432 с.
|c ил.
|
| 320 |
|
|
|a Библиогр.: с. 419.
|
| 320 |
|
|
|a Предметный указатель: с. 420-427.
|
| 330 |
|
|
|a В учебнике (1-й и 2-й книгах) освещены основные свойства жизни и эволюционные процессы последовательно на молекулярно-генетическом, онтогенетическом (1-я книга), популяционно-видовом и биогеоценотическом (2-я книга) уровнях организации. Изложены особенности проявления общебиологических закономерностей в онтогенезе и популяциях людей, их значение для медицинской практики. Уделено внимание биосоциальной сущности человека и его роли во взаимосвязях с природой. Учебник отражает современные достижения биологической науки, играющие большую роль в практическом здравоохранении. Для студентов медицинских специальностей вузов.
|
| 451 |
|
1 |
|0 (RuTPU)RU\TPU\book\107144
|y 5-06-004588-9
|t Кн. 1
|d 2005
|p 432 с.
|
| 461 |
|
1 |
|0 (RuTPU)RU\TPU\book\143195
|y 978-5-06-004590-1
|t Биология
|o учебник: в 2 кн.
|f под ред. В. Н. Ярыгина
|v Кн. 1: Жизнь. Гены. Клетка. Онтогенез. Человек
|e 8 изд.
|d 2007
|
| 610 |
1 |
|
|a биология
|
| 610 |
1 |
|
|a жизнь
|
| 610 |
1 |
|
|a клетка
|
| 610 |
1 |
|
|a генетический материал
|
| 610 |
1 |
|
|a структурно-функциональная организация
|
| 610 |
1 |
|
|a наследственность
|
| 610 |
1 |
|
|a изменчивость
|
| 610 |
1 |
|
|a клеточные механизмы
|
| 610 |
1 |
|
|a молекулярно-генетические механизмы
|
| 610 |
1 |
|
|a размножение
|
| 610 |
1 |
|
|a онтогенез
|
| 610 |
1 |
|
|a организмы
|
| 610 |
1 |
|
|a индивидуальное развитие
|
| 610 |
1 |
|
|a патология
|
| 610 |
1 |
|
|a человек
|
| 610 |
1 |
|
|a гены
|
| 610 |
1 |
|
|a учебники
|
| 675 |
|
|
|a 57(075.8)
|v 3
|
| 801 |
|
1 |
|a RU
|b 63413507
|c 20080118
|g PSBO
|
| 801 |
|
2 |
|a RU
|b 63413507
|c 20150526
|g PSBO
|
| 900 |
|
|
|a Биология
|
| 942 |
|
|
|c BK
|
| 952 |
|
|
|b 060000
|
| 959 |
|
|
|a 3/20080118
|d 2
|e 0
|f АНЛ:1
|f ЧЗТЛ:1
|